<?xml version="1.0" encoding="UTF-8"?>
<record
    xmlns:xsi="http://www.w3.org/2001/XMLSchema-instance"
    xsi:schemaLocation="http://www.loc.gov/MARC21/slim http://www.loc.gov/standards/marcxml/schema/MARC21slim.xsd"
    xmlns="http://www.loc.gov/MARC21/slim">

  <leader>00511nam a2200205Ia 4500</leader>
  <controlfield tag="003">OSt</controlfield>
  <controlfield tag="005">20240925104854.0</controlfield>
  <controlfield tag="008">240126s9999    xx            000 0 und d</controlfield>
  <datafield tag="020" ind1=" " ind2=" ">
    <subfield code="a">9789386374721</subfield>
  </datafield>
  <datafield tag="040" ind1=" " ind2=" ">
    <subfield code="c">0</subfield>
  </datafield>
  <datafield tag="041" ind1=" " ind2=" ">
    <subfield code="a">English</subfield>
  </datafield>
  <datafield tag="082" ind1=" " ind2=" ">
    <subfield code="a">343.5407  CHA;1  R</subfield>
  </datafield>
  <datafield tag="100" ind1=" " ind2=" ">
    <subfield code="a">Chatterji, Souvik.</subfield>
  </datafield>
  <datafield tag="245" ind1=" " ind2="0">
    <subfield code="a">Competition law in India and interface with sectoral regulators</subfield>
  </datafield>
  <datafield tag="250" ind1=" " ind2=" ">
    <subfield code="a">1st ed.</subfield>
  </datafield>
  <datafield tag="260" ind1=" " ind2=" ">
    <subfield code="b">Thomas Reuters</subfield>
    <subfield code="a">London</subfield>
  </datafield>
  <datafield tag="300" ind1=" " ind2=" ">
    <subfield code="a">xiii, 990</subfield>
  </datafield>
  <datafield tag="440" ind1=" " ind2=" ">
    <subfield code="a">NULL</subfield>
  </datafield>
  <datafield tag="942" ind1=" " ind2=" ">
    <subfield code="c">LL</subfield>
    <subfield code="2">ddc</subfield>
  </datafield>
  <datafield tag="999" ind1=" " ind2=" ">
    <subfield code="c">290207</subfield>
    <subfield code="d">290207</subfield>
  </datafield>
  <datafield tag="952" ind1=" " ind2=" ">
    <subfield code="r">2024-01-26 00:00:00</subfield>
    <subfield code="l">0</subfield>
    <subfield code="o">343.5407  CHA;1  R</subfield>
    <subfield code="p">LL1772</subfield>
    <subfield code="h">(11/07/1905)</subfield>
    <subfield code="v">1496.25</subfield>
    <subfield code="w">2024-01-26</subfield>
    <subfield code="y">LL</subfield>
    <subfield code="1">0</subfield>
    <subfield code="2">ddc</subfield>
    <subfield code="4">0</subfield>
    <subfield code="7">0</subfield>
    <subfield code="8">LAW</subfield>
    <subfield code="0">0</subfield>
    <subfield code="a">LAW</subfield>
    <subfield code="b">LAW</subfield>
    <subfield code="c">LAW</subfield>
    <subfield code="d">2020-06-02</subfield>
    <subfield code="e">Mohan Law House</subfield>
    <subfield code="g">1995.00</subfield>
    <subfield code="E">Law</subfield>
    <subfield code="K">900</subfield>
    <subfield code="G">RS</subfield>
    <subfield code="F">1</subfield>
    <subfield code="V">25</subfield>
  </datafield>
  <datafield tag="952" ind1=" " ind2=" ">
    <subfield code="r">2025-10-28 12:11:25</subfield>
    <subfield code="l">1</subfield>
    <subfield code="o">343.5407 CHA;2 R1</subfield>
    <subfield code="p">LL4486</subfield>
    <subfield code="s">2025-09-30</subfield>
    <subfield code="t">2</subfield>
    <subfield code="u">192.168.3.21/opac-tmpl/bootstrap/en</subfield>
    <subfield code="v">1516.20</subfield>
    <subfield code="w">2025-07-16</subfield>
    <subfield code="y">LL</subfield>
    <subfield code="1">0</subfield>
    <subfield code="2">ddc</subfield>
    <subfield code="4">0</subfield>
    <subfield code="7">0</subfield>
    <subfield code="8">LAW</subfield>
    <subfield code="0">0</subfield>
    <subfield code="a">LAW</subfield>
    <subfield code="b">LAW</subfield>
    <subfield code="c">LL</subfield>
    <subfield code="d">2025-04-01</subfield>
    <subfield code="e">MPP House</subfield>
    <subfield code="g">1995.00</subfield>
    <subfield code="E">Law</subfield>
    <subfield code="K">272</subfield>
    <subfield code="L">01/04/2025</subfield>
    <subfield code="G">Rupees</subfield>
    <subfield code="F">1</subfield>
    <subfield code="V">24</subfield>
  </datafield>
  <datafield tag="952" ind1=" " ind2=" ">
    <subfield code="r">2025-09-19 00:00:00</subfield>
    <subfield code="l">1</subfield>
    <subfield code="o">343.5407 CHA;3</subfield>
    <subfield code="p">LL4487</subfield>
    <subfield code="s">2025-09-19</subfield>
    <subfield code="t">3</subfield>
    <subfield code="u">192.168.3.21/opac-tmpl/bootstrap/en</subfield>
    <subfield code="v">1516.20</subfield>
    <subfield code="w">2025-07-16</subfield>
    <subfield code="y">LL</subfield>
    <subfield code="1">0</subfield>
    <subfield code="2">ddc</subfield>
    <subfield code="4">0</subfield>
    <subfield code="7">0</subfield>
    <subfield code="8">LAW</subfield>
    <subfield code="0">0</subfield>
    <subfield code="a">LAW</subfield>
    <subfield code="b">LAW</subfield>
    <subfield code="c">LL</subfield>
    <subfield code="d">2025-04-01</subfield>
    <subfield code="e">MPP House</subfield>
    <subfield code="g">1995.00</subfield>
    <subfield code="E">Law</subfield>
    <subfield code="K">272</subfield>
    <subfield code="L">01/04/2025</subfield>
    <subfield code="G">Rupees</subfield>
    <subfield code="F">1</subfield>
    <subfield code="V">24</subfield>
  </datafield>
</record>
